Объектно-ориентированное программирование в C++: пер. с англ.

Opis bibliograficzny
1. autor: Лафоре Р. Роберт
Streszczenie:Благодаря этой книге тысячи пользователей овладели технологией объектно-ориентированного программирования в С++. В ней есть все: основные принципы языка, готовые полномасштабные приложения, небольшие примеры, поясняющие теорию, и множество полезных иллюстраций. Книга пользуется стабильным успехом в учебных заведениях благодаря тому, что содержит более 100 упражнений, позволяющих проверить знания по всем темам. Читатель может вообще не иметь подготовки в области языка С++. Необходимо лишь знание начальных основ программирования.
Język:rosyjski
Wydane: СПб., Питер, 2013
Wydanie:4-е изд.
Seria:Классика Computer Science
Hasła przedmiotowe:
Format: Książka
KOHA link:https://koha.lib.tpu.ru/cgi-bin/koha/opac-detail.pl?biblionumber=268562

MARC

LEADER 00000nam0a2200000 4500
001 268562
005 20231101234158.0
010 |a 9785496003537 
035 |a (RuTPU)RU\TPU\book\291713 
035 |a RU\TPU\book\213960 
090 |a 268562 
100 |a 20140904d2013 km y0rusy50 ca 
101 1 |a rus  |c eng 
102 |a RU 
105 |a a z 001zy 
200 1 |a Объектно-ориентированное программирование в C++  |e пер. с англ.  |f Р. Лафоре 
205 |a 4-е изд. 
210 |a СПб.  |c Питер  |d 2013 
215 |a 923 с.  |c ил. 
225 1 |a Классика Computer Science 
320 |a Библиогр.: с. 899-901. 
320 |a Алфавитный указатель: с. 902-923. 
330 |a Благодаря этой книге тысячи пользователей овладели технологией объектно-ориентированного программирования в С++. В ней есть все: основные принципы языка, готовые полномасштабные приложения, небольшие примеры, поясняющие теорию, и множество полезных иллюстраций. Книга пользуется стабильным успехом в учебных заведениях благодаря тому, что содержит более 100 упражнений, позволяющих проверить знания по всем темам. Читатель может вообще не иметь подготовки в области языка С++. Необходимо лишь знание начальных основ программирования. 
451 1 |0 (RuTPU)RU\TPU\book\66908  |y 5-94723-302-9  |t Объектно-ориентированное программирование в C++  |o пер. с англ.  |f Р. Лафоре  |e 4-е изд.  |c СПб.  |n Питер  |d 2004  |p 923 с.  |s Классика Computer Science  |a Лафоре, Роберт 
606 1 |a Программирование объектно-ориентированное  |2 stltpush  |3 (RuTPU)RU\TPU\subj\51783  |9 70348 
610 1 |a программы 
610 1 |a языки программирования 
610 1 |a C++ 
610 1 |a программное обеспечение 
610 1 |a UML 
610 1 |a теория 
610 1 |a упражнения 
675 |a 004.42  |v 4 
700 1 |a Лафоре  |b Р.  |g Роберт 
801 1 |a RU  |b 63413507  |c 20110518 
801 2 |a RU  |b 63413507  |c 20210623  |g RCR 
900 |a Объектно-ориентированное программирование 
942 |c BK 
959 |a 52/20110518  |d 2  |e 490,00  |f ЧЗТЛ:1  |f АНЛ:1